| 000 | 00817cam a2200277 a 4500 | ||
|---|---|---|---|
| 008 | |||
| 020 | _a0683032496 (pbk.) | ||
| 049 | _aMAIN | ||
| 090 |
_aQM451 _bFIX. |
||
| 100 | 1 | _aFix, James D. | |
| 245 | 1 | 0 |
_aNeuroanatomy / _cJames D. Fix. |
| 250 | _a2nd ed. | ||
| 260 |
_aBaltimore : _bWilliams & Wilkins, _cc1995. |
||
| 300 |
_axv, 416 p. : _bill. ; _c26 cm. |
||
| 440 | 0 | _aBoard review series | |
| 500 | _aIncludes index. | ||
| 504 | _aIncludes bibliographical references. | ||
| 650 | 0 |
_aNeuroanatomy _vExaminations, questions, etc. |
|
| 650 | 1 | 2 |
_aNeuroanatomy _xexamination questions. |
| 650 | 1 | 2 |
_aNeuroanatomy _xoutlines. |
| 907 |
_a.b1035590x _b31-03-15 _c30-03-15 |
||
| 003 | |||
| 005 | 20230120204150.0 | ||
| 040 | _cNUST | ||
| 942 |
_cBOOKS _kQM451 _mFIX. |
||
| 999 |
_c118303 _d118303 |
||